| 000 | 00645nam a2200253Ia 4500 | ||
|---|---|---|---|
| 003 | OSt | ||
| 005 | 20220924150924.0 | ||
| 006 | a|||||r|||| 00| 0 | ||
| 007 | ta | ||
| 008 | 220923b |||||||| |||| 00| 0 ara d | ||
| 024 | _a335225 | ||
| 037 | _cTextual | ||
| 040 |
_aARTS _cARTS _bara |
||
| 041 |
_2ara _aara |
||
| 082 | _aO28:g(R), J0 | ||
| 100 |
_aMehmood Au. _9188318 |
||
| 245 | 0 | _aPhilosophy al-hukm fi al-Misrul hadees | |
| 260 | _c1950 | ||
| 650 |
_a CRITICISM _931425 |
||
| 650 | _a PHILOSOPHY | ||
| 650 | _aARABIC LITERATURE | ||
| 942 |
_hO28:g(R), J0 _cTEXL _2CC |
||
| 999 |
_c464999 _d464999 |
||